000 00486cam a22002054a 4500
005 20250605164324.0
008 250528s ||||||||||||||||||||||||d
035 _a22979
020 _a9780471494430
040 _aGR-AtMCL
_bgre
_dGR-AtMCL
_eAACR2
245 1 _aSTRATEGIC MARKET RELATIONSHIPS
250 _a1
260 _bWiley,
_c2002
300 _a288
700 1 _aDonaldson Bill
_92073
700 1 _aO'Toole Tom
_98576
942 _cBK
999 _c8021
_d8021